Statistics for Fast Typing Gengar

Click here to take the quiz!

General Stats

  • This quiz has been taken 74 times
  • The average score is 11 of 15

Answer Stats

Answer% Correct
Gengar
100%
Gengar
100%
Gengar
100%
Gengar
97%
Gengar
95%
Gengar
95%
Gengar
92%
Gengar
86%
Gengar
76%
Gengar
68%
Gengar
59%
Gengar
46%
Gengar
41%
Gengar
38%
Gengar
30%

Score Distribution

Percentile by Number Answered

Percent of People with Each Score

Your Score History

You have not taken this quiz